| Tag |
First Indicator |
Second Indicator |
Subfields |
| LEADER |
00000cam a22000001a 4500 |
| 001 |
in00000080237 |
| 005 |
20151008060901.0 |
| 008 |
780508m19639999ve 00110 spa |
| 010 |
|
|
|a 65087938
|
| 035 |
|
|
|a (OCoLC)03934798
|
| 035 |
|
|
|9 AAJ6812AM
|
| 040 |
|
|
|a DLC
|c DLC
|d TXA
|d UtOrBLW
|
| 043 |
|
|
|a s-ve---
|
| 049 |
|
|
|a TXAM
|v 2 [1502744]
|
| 050 |
0 |
0 |
|a LAW
|
| 090 |
|
|
|a KHW4550
|b .V45 1963
|
| 099 |
|
|
|a KHV
|a V45
|
| 110 |
1 |
|
|a Venezuela.
|b Ministerio de Justicia.
|b Consultoría Jurídica.
|
| 245 |
1 |
0 |
|a Dictamenes de la Consultoria Juridica, 1959-1963.
|
| 264 |
|
1 |
|a Caracas, Venezuela :
|b Ministerio de Justicia,
|c 1963-
|
| 300 |
|
|
|a volumes ;
|c 23 cm.
|
| 336 |
|
|
|a text
|b txt
|2 rdacontent
|
| 337 |
|
|
|a unmediated
|b n
|2 rdamedia
|
| 338 |
|
|
|a volume
|b nc
|2 rdacarrier
|
| 500 |
|
|
|a Includes index.
|
| 505 |
0 |
|
|a v. 2 (1959-1963)
|
| 650 |
|
0 |
|a Finance, Public
|z Venezuela
|x Law and legislation
|x Cases.
|
| 999 |
|
|
|a MARS
|
| 999 |
f |
f |
|s 6ceb8fcb-870e-30ae-8f52-07d6cc560325
|i 3bcd0efb-3ccc-3032-b85e-978ceb1f95c0
|t 0
|
| 952 |
f |
f |
|p ric
|a Texas A&M University
|b Rellis Campus
|c Joint Library Facility
|d Remote Storage
|t 0
|e KHW4550 .V45 1963
|h Library of Congress classification
|i unmediated -- volume
|k no.2
|m A14806074478
|
| 998 |
f |
f |
|a KHW4550 .V45 1963
|s no.2
|t 0
|l Remote Storage
|